Psicología diferencial / (Record no. 24388)
[ view plain ]
| 000 -LEADER | |
|---|---|
| campo de control de longitud fija | 00787nam a2200229 i 4500 |
| 001 - NÚMERO DE CONTROL | |
| campo de control | 24388 |
| 003 - IDENTIFICADOR DE NÚMERO DE CONTROL | |
| campo de control | ES-MaACL |
| 005 - FECHA Y HORA DE LA ÚLTIMA TRANSACCIÓN | |
| campo de control | 20250822042020.0 |
| 007 - CAMPO FIJO DE DESCRIPCIÓN FÍSICA--INFORMACIÓN GENERAL | |
| campo de control de longitud fija | t| |
| 008 - DATOS DE LONGITUD FIJA--INFORMACIÓN GENERAL | |
| campo de control de longitud fija | 021217s1979 sp ||||1| spa d |
| 100 1# - ENTRADA PRINCIPAL--NOMBRE DE PERSONA | |
| Nombre de persona | Anastasi, Anne. |
| 9 (RLIN) | 21378 |
| 245 10 - MENCIÓN DEL TÍTULO | |
| Título | Psicología diferencial / |
| Mención de responsabilidad, etc. | Anne Anastasi ; versión de Celedonio Riesco Hernández ; revisión técnica de Alfonso Alvarez Villar. |
| 250 ## - MENCION DE EDICION | |
| Mención de edición | [2ª ed., 6ª reimp.]. |
| 260 ## - PUBLICACIÓN, DISTRIBUCIÓN, ETC. | |
| Lugar de publicación, distribución, etc. | [Madrid] : |
| Nombre del editor, distribuidor, etc. | Aguilar, |
| Fecha de publicación, distribución, etc. | [1979] |
| 300 ## - DESCRIPCIÓN FÍSICA | |
| Extensión | XIX, 596 p. : |
| Otras características físicas | il. ; |
| Dimensiones | 25 cm. |
| 490 1# - MENCIÓN DE SERIE | |
| Mención de serie | Psicología y educación |
| 700 1# - ENTRADA AGREGADA--NOMBRE PERSONAL | |
| Nombre de persona | Riesco Hernández, Celedonio. |
| 9 (RLIN) | 97153 |
| 700 1# - ENTRADA AGREGADA--NOMBRE PERSONAL | |
| Nombre de persona | Alvarez Villar, Alfonso. |
| 9 (RLIN) | 20998 |
| 830 00 - PUNTO DE ACCESO ADICIONAL DE SERIE-TÍTULO UNIFORME | |
| Título uniforme | Psicología y educación |
| 9 (RLIN) | 180908 |
| 852 ## - LOCALIZACIÓN | |
| Ubicación | ES-MaACL |
| Número de control de estantería | A-10737 |
| Sublocalización o colección | R.99854 |
| Estatus retirado | Estado de pérdida | Estado de daño | No para préstamo | Biblioteca de origen | Biblioteca actual | Ubicación en estantería | Fecha de adquisición | Fuente de adquisición | Total de préstamos | Signatura topográfica completa | Código de barras | Visto por última vez | Precio de reemplazo | Tipo de ítem Koha |
|---|---|---|---|---|---|---|---|---|---|---|---|---|---|---|
| Biblioteca del Ateneo de Madrid | Biblioteca del Ateneo de Madrid | Depósito 1 | 17/01/2008 | A-10737 | 1025146 | 23/02/2023 | 23/02/2023 | Libro impreso |
